000 00461nam a2200193Ia 4500
005 20240823023323.0
008 240823s9999||||xx |||||||||||||| ||und||
020 _a978-07-065594-2
041 _aENGLISH
082 _A158.39 P8
100 _aAshraf Rizvi M
245 0 _aResumes and Interviews
250 _a1st
260 _c2008
_bThe McGraw- Hill Comp
500 _aYES
650 _aInterviews
_bManagement Studies
942 _cBK
999 _c181261
_d181261